| 000 | 00485nam a22001817a 4500 | ||
|---|---|---|---|
| 003 | OSt | ||
| 005 | 20160224131213.0 | ||
| 008 | 140113b xxu||||| |||| 00| 0 eng d | ||
| 020 | _a8184110030 | ||
| 050 |
_aG 156.5.E26 _b.C512 2006 |
||
| 245 |
_aEcotourism and management / _cRamesh Chawla. |
||
| 260 |
_aNew Delhi : _bSumit Enterprises, _c2006. |
||
| 300 |
_a370 pages ; _c21 cm. |
||
| 500 | _aIncludes index. | ||
| 650 | _aEcotourism. | ||
| 942 |
_2lcc _cBK _kFOR |
||
| 999 |
_c26048 _d26048 |
||